Chansons de Jul mort subite - version ultime - Statistiques

Statistiques générales
  • Ce quiz a été pris 266 fois
    26 depuis la dernière actualisation
  • Le résultat moyen est 10 sur 96
Answers on the Grid
Answers color-coded by a green-red scale on the quiz's grid according to % correct below.
Je me promène
Toto et Ninetta
Ma beauté
Senora
Coeur blanc
La faille
Grand bain
Screens
Arah arah
JCVD
Mon bijou
Ma jolie
Ma ché beauté
Mon bébé d'amour
Professore
Rue Jean Mermoz
Ma vie
Parfum quartier
C'est la cité
Casque intégral
Mode avion
La tête dans les nuages
On m'appelle l'ovni
Tu la love
Italia
Terasses
Santchelita
Ibiza
Tchikita
Ghost rider
Tu sais d'ou je viens
J'viens de Massilia
Appelle moi l'ovni
Wesh alors
La machine
Ma casio
La fusée
Paul & Shark
Chicha
Crocodile
BWO
Inspi d'ailleurs
Ma dame
Carré VIP
Lacoste TN
Anti BDH
Délicieuse
My world
Phénomènal
Ridin
Kebab coca
Mimi
Un jour j'l'aurai
Faut pas
DP sur le maillot
Droit au but
Senza scurda
Avant la douane
Mayday
Call of
Saôulé
Salvatrucha
Sous la lune
Monica
Maria
Sort le cross volé
La miss
Vodka gout fraise
Je veux que toi
TP sur TP
J'oublie tout
Tente quechua
Dans ma paranoïa
Ca tourne dans ma tête
Pastaga
J'ai tout su
Maman
Sousou
Love de moi
Pow pow
Assurance vie
Crocodile
Tutti frutti
Ils veulent me voir couler
Je suis resté le même
Comme les gens d'ici
Asalto
Elle et l'autre
Clio 7
Puto puta
Bauh au citron
Capata
Triste everyday
Moi j'fais pas la star
C'est le son d'la gratte
Limitless
J'attends
Tu tenenew
A chacun sa victoire
Pic et pic alcool et drame
Quartiers nord
C'est pas des LOL
P'tit dej
2b
Beuh d'Hollande
Ma ville, mon âme, mon sang
GTA
Elle veut YSL
Faut que j'me tire de là
Autobahn
Ca tourne dans ma tête
TMAX en Y
Tropical
Je t'aime pour la vie
En fumette
Visière fumée
Mais qu'est ce qu'on s'en bat les couilles
La vie est faite comme ça
Asics cheveux blonds
Superstar
4 4 2
Saucony jaune fluo
Après l'apéro
Beaumettes
Ecran 4K
Je vais tout casser
Ne m'en voulez pas
D'Ajaccio à Bastia
Dans mon del
Prado
Amore
Mauvaise journée
Virage sud
Monoï paillettes
Lambo rouge
Nostalgique
Les temps changent comme les gens
Je ne me vois pas briller
Ligaments croisés
Polo croco
Bouton
Beuh à la noix de coco
Sancho
Les goudes
Beuh magique
Cartel
C'est Marseille bébé
Ma précieuse
Comme d'hab
Beuh à la framboise
 
Statistiques - réponses
Réponse % Correct
Toto et Ninetta
82%
Ma jolie
55%
JCVD
45%
Mon bijou
45%
Parfum quartier
45%
Coeur blanc
36%
Je me promène
36%
On m'appelle l'ovni
36%
Senora
36%
Tchikita
36%
Tu la love
36%
Ibiza
27%
La faille
27%
Ma ché beauté
27%
Mon bébé d'amour
27%
Tu sais d'ou je viens
27%
Wesh alors
27%
Avant la douane
18%
BWO
18%
C'est la cité
18%
Inspi d'ailleurs
18%
Italia
18%
La machine
18%
Phénomènal
18%
Sous la lune
18%
Anti BDH
9%
Asalto
9%
Comme les gens d'ici
9%
Crocodile
9%
Dans ma paranoïa
9%
Faut pas
9%
J'ai tout su
9%
J'oublie tout
9%
La miss
9%
La tête dans les nuages
9%
Ma casio
9%
Mimi
9%
My world
9%
Pic et pic alcool et drame
9%
Salvatrucha
9%
Santchelita
9%
Sort le cross volé
9%
Sousou
9%
4 4 2
0%
A chacun sa victoire
0%
Amore
0%
Après l'apéro
0%
Bauh au citron
0%
Beuh à la framboise
0%
Beuh à la noix de coco
0%
Beuh d'Hollande
0%
Beuh magique
0%
Bouton
0%
Capata
0%
Ca tourne dans ma tête
0%
Ca tourne dans ma tête
0%
C'est le son d'la gratte
0%
C'est pas des LOL
0%
Comme d'hab
0%
Crocodile
0%
Dans mon del
0%
Délicieuse
0%
DP sur le maillot
0%
Droit au but
0%
Ecran 4K
0%
Elle et l'autre
0%
Faut que j'me tire de là
0%
Ghost rider
0%
GTA
0%
J'attends
0%
Je ne me vois pas briller
0%
Je suis resté le même
0%
Je t'aime pour la vie
0%
Je vais tout casser
0%
Je veux que toi
0%
La fusée
0%
La vie est faite comme ça
0%
Les temps changent comme les gens
0%
Limitless
0%
Love de moi
0%
Mais qu'est ce qu'on s'en bat les couilles
0%
Mauvaise journée
0%
Ma vie
0%
Ne m'en voulez pas
0%
Nostalgique
0%
Pastaga
0%
Pow pow
0%
Sancho
0%
Saôulé
0%
Superstar
0%
TP sur TP
0%
Triste everyday
0%
Tropical
0%
Tu tenenew
0%
Un jour j'l'aurai
0%
Visière fumée
0%
Aucun quiz correspondant
Distribution des résultats
% des personnes avec chaque résultat
Percentile par nombre de réponses
Votre historique - résultats
Vous n’avez pas pris ce quiz depuis la dernière actualisation